书目信息 |
| 题名: |
商业店面装饰设计
|
|
| 作者: | 皮志伟 , 朱瑞波 , 俞进军 编著 | |
| 分册: | ||
| 出版信息: | 北京 机械工业出版社 2006.1 |
|
| 页数: | 68页 | |
| 开本: | 26cm | |
| 丛书名: | 时尚空间 | |
| 单 册: | ||
| 中图分类: | TU247.2-64 | |
| 科图分类: | ||
| 主题词: | 商店--shang dian--室外装饰--设计--图集 , 室外装饰--shi wai zhuang shi | |
| 电子资源: | ||
| ISBN: | 7-111-17524-7 | |
| 000 | 00966oam2 2200289 450 | |
| 001 | 012005000794 | |
| 005 | 20061012164513.60 | |
| 010 | @a7-111-17524-7@dCNY29.00 | |
| 100 | @a20060103d2006 em y0chiy0121 ea | |
| 101 | 0 | @achi |
| 102 | @aCN@b110000 | |
| 105 | @aa z 000yy | |
| 200 | 1 | @a商业店面装饰设计@Ashang ye dian mian zhuang shi she ji@f俞进军,皮志伟,朱瑞波编著 |
| 210 | @a北京@c机械工业出版社@d2006.1 | |
| 215 | @a68页@d26cm | |
| 225 | 2 | @a时尚空间@Ashi shang kong jian |
| 330 | @a本书从商业店面的店牌设计、色彩运用、灯光处理和内外空间衔接等方面,展示了当今一些有代表性的商业店面装饰风格。 | |
| 461 | 0 | @12001 @a时尚空间 |
| 606 | 0 | @a商店@Ashang dian@x室外装饰@x设计@j图集 |
| 606 | 0 | @a室外装饰@Ashi wai zhuang shi |
| 690 | @aTU247.2-64@v4 | |
| 701 | 0 | @a皮志伟@Api zhi wei@4编著 |
| 701 | 0 | @a朱瑞波@Azhu rui bo@4编著 |
| 701 | 0 | @a俞进军@Ayu jin jun@4编著 |
| 801 | 0 | @aCN@c20061012 |
| 905 | @a10447@dTU247.2-64@eY790 | |
| 999 | @aJZ | |
| 商业店面装饰设计/俞进军,皮志伟,朱瑞波编著.-北京:机械工业出版社,2006.1 |
| 68页;26cm.-(时尚空间) |
| ISBN 7-111-17524-7:CNY29.00 |
| 本书从商业店面的店牌设计、色彩运用、灯光处理和内外空间衔接等方面,展示了当今一些有代表性的商业店面装饰风格。 |
| ● |
| 相关链接 |
|
|
|
正题名:商业店面装饰设计
索取号:TU247.2-64/Y790
 
预约/预借
| 序号 | 登录号 | 条形码 | 馆藏地/架位号 | 状态 | 备注 |
| 1 | 549556 | 205495560 | 建筑库101/101建筑库 69排2列5层/ [索取号:TU247.2-64/Y790] | 在馆 | |
| 2 | 549557 | 205495579 | 建筑库101/101建筑库 69排2列5层/ [索取号:TU247.2-64/Y790] | 在馆 | |
| 3 | 549558 | 205495588 | 建筑库101/101建筑库 69排2列5层/ [索取号:TU247.2-64/Y790] | 在馆 |